000 00638nam a22002177a 4500
003 UA-OsUOA
001 41652
007 ta
008 20080925b un ||||| |||| 00| 0 ukr d
090 _a282
942 _cBK
040 _aUA-OsUOA
_bukr
_cUA-OsUOA
_dUA-OsUOA
245 _aПривіт новоприбувшим до Канади від Централі українців католиків Канади.
300 _a64 с.
955 _a4
041 _aukr
080 _a282
260 _aВінніпег
650 7 _a282 Римсько-католицька церква (Західна церква)
_2UDC
999 _c440153
_d440153